Нормален изглед
MARC изглед
- Владигеров, Панчо Хараланов
Вход 01. Лично име
001 - Контролен номер на записа
- Контролно поле: 428724
003 - Код на организацията, даваща контролен номер
- Контролно поле: BLK
005 - Дата и час на последна промяна на записа
- Контролно поле: 20230801100701.0
008 - Данни с фиксирана дължина – обща информация
- Данни с фиксирана дължина : 200818|| aca||aabn | a|a d
100 ## - ИМЕ НА ЛИЦЕ -ПЪРВИЧНА ИНТЕЛЕКТУАЛНА ОТГОВОРНОСТ
- Лично име: Владигеров, Панчо Хараланов
- Дати, свързани с автора: 1899-1978
942 ## - Системна служебна употреба
- Koha auth type: PERSO_NAME